000 00492nam a2200169Ia 4500
999 _c10317
_d10317
003 OSt
005 20191216111858.0
008 190216s9999||||xx |||||||||||||| ||und||
040 _coclc
082 _a338.5
_bCHO/M
100 _aP N, Chopra
_9498
245 0 _aMicroeconomic Theory And Welfare Economics /
_c Chopra P N
260 _bKalyani Publishers,
_c1992.
_aNew Delhi:
300 _a753 p
650 _aEconomics
942 _cBK
_2ddc
_h338.5
_iCHO/M
_k338.5
_mCHO/M